Cinco poetas espaǫes. Antologa̕ Polt̕ica. (Record no. 71)

MARC details
000 -LEADER
campo de control de longitud fija 00596 a2200181 4500
020 ## - NÚMERO INTERNACIONAL ESTÁNDAR DEL LIBRO
Número Internacional Estándar del Libro 8479602732
082 ## - NÚMERO DE LA CLASIFICACIÓN DECIMAL DEWEY
Número de clasificación 861
Número de ítem C574c
100 ## - ENTRADA PRINCIPAL--NOMBRE DE PERSONA
Nombre de persona Caudet, Francisco
9 (RLIN) 356
245 ## - MENCIÓN DEL TÍTULO
Título Cinco poetas espaǫes. Antologa̕ Polt̕ica.
Resto del título Antonio Machado, Juan Ramn̤ Jimňez, Federico Garca̕ Lorca, Vicente Aleixandre y Rafael Alberti
300 ## - DESCRIPCIÓN FÍSICA
Extensión 127
Dimensiones 21cm
650 ## - PUNTO DE ACCESO ADICIONAL DE MATERIA--TÉRMINO DE MATERIA
Término de materia o nombre geográfico como elemento de entrada Poesa̕ Espaǫla
9 (RLIN) 357
650 ## - PUNTO DE ACCESO ADICIONAL DE MATERIA--TÉRMINO DE MATERIA
Término de materia o nombre geográfico como elemento de entrada Antonio Machado
9 (RLIN) 358
650 ## - PUNTO DE ACCESO ADICIONAL DE MATERIA--TÉRMINO DE MATERIA
Término de materia o nombre geográfico como elemento de entrada Juan Ramn̤ Jimňez
9 (RLIN) 359
650 ## - PUNTO DE ACCESO ADICIONAL DE MATERIA--TÉRMINO DE MATERIA
Término de materia o nombre geográfico como elemento de entrada Vicente Aleixandre
9 (RLIN) 360
650 ## - PUNTO DE ACCESO ADICIONAL DE MATERIA--TÉRMINO DE MATERIA
Término de materia o nombre geográfico como elemento de entrada Rafael Alberti
9 (RLIN) 361
650 ## - PUNTO DE ACCESO ADICIONAL DE MATERIA--TÉRMINO DE MATERIA
Término de materia o nombre geográfico como elemento de entrada Federico Garca̕ Lorca
9 (RLIN) 362
650 ## - PUNTO DE ACCESO ADICIONAL DE MATERIA--TÉRMINO DE MATERIA
Término de materia o nombre geográfico como elemento de entrada Antologa̕
9 (RLIN) 363
Holdings
Estatus retirado Estado de pérdida Fuente del sistema de clasificación o colocación Estado de daño No para préstamo Biblioteca de origen Biblioteca actual Ubicación en estantería Fecha de adquisición Total de préstamos Signatura topográfica completa Código de barras Visto por última vez Precio de reemplazo Tipo de ítem Koha
    Clasificación Decimal Dewey     Biblioteca LadoV Biblioteca LadoV   24/04/2014   861 C574c 000077 24/04/2014 24/04/2014 Material 01